| 000 | 01235nam a2200229Ia 4500 | ||
|---|---|---|---|
| 001 | L262-19049 | ||
| 003 | IT-CnALBA | ||
| 008 | 170116s9999||||xx |||||||||||||| ||und|| | ||
| 040 |
_aIT-CnALBA _cIT-CnALBA |
||
| 041 | _aITALIANO | ||
| 100 | _aPIO XII, PAPA PACELLI EUGENIO. | ||
| 245 | 0 | _aLA VITA RELIGIOSA NEL MAGISTERO DI PIO XII. | |
| 250 | _a1a ed. | ||
| 260 |
_aCINISELLO BALSAMO (MI) _bEDIZIONI PAOLINE _c1961 [1° Ed.:1961 - Ed.Ling.Originale: 1961] |
||
| 300 | _a765 p. (prefazione: 7) | ||
| 500 | _aCURATORE: P. DOMENICO BERTETTO, SAL. LETTERA APOSTOLICA: EXULTA, LUSITANIA, GAUDE PADUA FELIX. PROVIDA MATER ECCLESIA SUGLI ISTITUTI DI PERFEZIONE. ENCICLICA MEDIATOR DEI. CANONIZZAZIONE BARTOLOMEA CAPITANIO E VINCENZA GEROSA COSTITUZIONE SPONSA CHRISTI. | ||
| 501 | _aSocietà San Paolo EM - Piazza San Paolo, 14 - 12051 ALBA (CN) (non commercial uses only) ® Copyright 2017 | ||
| 520 | _aCURATORE: P. DOMENICO BERTETTO, SAL. LETTERA APOSTOLICA: EXULTA, LUSITANIA, GAUDE PADUA FELIX. PROVIDA MATER ECCLESIA SUGLI ISTITUTI DI PERFEZIONE. ENCICLICA MEDIATOR DEI. CANONIZZAZIONE BARTOLOMEA CAPITANIO E VINCENZA GEROSA COSTITUZIONE SPONSA CHRISTI. | ||
| 650 | _aECCLESIOLOGIA | ||
| 942 | _cBK | ||
| 957 | _71 | ||
| 999 |
_a23788 _bNO _g Copie: 1 _c278170 _d278170 |
||